LEADER 00949nam a22002531i 4500 001 991001828009707536 005 20031222161121.0 008 040407s1929 it |||||||||||||||||ita 035 $ab1282947x-39ule_inst 035 $aARCHE-080909$9ExL 040 $aDip.to Scienze Storiche$bita$cA.t.i. Arché s.c.r.l. Pandora Sicilia s.r.l. 082 04$a738.38 100 1 $aGalli, Edoardo$0211042 245 12$aL'askos Catarinella /$cEdoardo Galli 260 $aCatania :$bTirelli,$c[1929] 300 $a1 v. ;$c23 cm 500 $aEstr. da: Il folklore italiano, a. 4, fasc. 1(1929) 650 4$aVasi$zLavello$ySec. 3. a.C. 907 $a.b1282947x$b02-04-14$c16-04-04 912 $a991001828009707536 945 $aLE009 ARTE MISC. I/15 (Fondo Bottari)$g1$iLE009-3532/15$lle009$o-$pE0.00$q-$rn$so $t0$u0$v0$w0$x0$y.i13381349$z16-04-04 996 $aAskos Catarinella$971430 997 $aUNISALENTO 998 $ale009$b16-04-04$cm$da $e-$fita$git $h2$i1 LEADER 03364 am 2200733 n 450 001 9910554596503321 005 20220306 010 $a979-1-03-659142-6 024 7 $a10.4000/books.etnograficapress.7837 035 $a(CKB)4100000012812569 035 $a(FrMaCLE)OB-etnograficapress-7837 035 $a(oapen)https://directory.doabooks.org/handle/20.500.12854/85360 035 $a(PPN)261978179 035 $a(EXLCZ)994100000012812569 100 $a20220331j|||||||| ||| 0 101 0 $apor 135 $auu||||||m|||| 181 $ctxt$2rdacontent 182 $cc$2rdamedia 183 $acr$2rdacarrier 200 12$aA Imagem Predatória da Cidade: Uma Etnografia do Medo /$fXimene Rego 210 $aLisboa $cEtnográfica Press$d2022 215 $a1 online resource (360 p.) 225 1 $aEtnográfica Books 330 $a"De que temos medo no nosso confronto com as grandes urbes? Que figuras da ameaça convocam receios e evitamentos de espaços, grupos ou indivíduos específicos? Como molda a hipótese predatória o viver quotidiano, como se reflete o rumor insecurizante na nossa experiência de cidade? A Imagem Predatória da Cidade: Uma Etnografia do Medo é o livro que resulta da tese de doutoramento de Ximene Rego. Um trabalho a vários títulos singular: porque é uma etnografia levada a cabo por uma psicóloga, porque traz para a prática etnográfica um objeto aparentemente intangível como o sentimento de insegurança, porque põe frente a frente o medo à cidade nos portuenses e nos cariocas, com a investigação conduzida no Porto e no Rio de Janeiro. O rigor metodológico e a profundidade do trabalho de campo, a ampla discussão de um objeto tecido no cruzamento da antropologia, da sociologia, da criminologia e da psicologia, bem como uma escrita cuja firmeza não dispensa a elegância são a marca que Ximene Rego traz para a análise dos fenómenos urbanos que nos inquietam e fascinam. Fascínio é também aquilo de que são capazes as páginas deste livro, se nos deixarmos embrenhar na narrativa sobre o medo à cidade que elas nos propõem", Luís Fernandes 517 $aImagem Predatória da Cidade 517 $aImagem Predatória da Cidade 517 $aA Imagem Predatória da Cidade 606 $aAnthropology 606 $ainsegurança 606 $amedo do crime 606 $acidade 606 $aetnografia 606 $aviolence 606 $aethnographie 606 $ainsécurité 606 $apeur de la criminalité 606 $aethnography 606 $ainsecurity 606 $afear of crime 610 $aethnography 610 $aviolence 610 $ainsecurity 610 $afear of crime 615 4$aAnthropology 615 4$ainsegurança 615 4$amedo do crime 615 4$acidade 615 4$aetnografia 615 4$aviolence 615 4$aethnographie 615 4$ainsécurité 615 4$apeur de la criminalité 615 4$aethnography 615 4$ainsecurity 615 4$afear of crime 700 $aRego$b Ximene$01320847 701 $aCunha$b Manuela Ivone$01295136 701 $aVicentini$b Renato da Silva$01320848 801 0$bFR-FrMaCLE 906 $aBOOK 912 $a9910554596503321 996 $aA Imagem Predatória da Cidade: Uma Etnografia do Medo$93034456 997 $aUNINA